000
00359nam a2200145Ia 4500
008
231129s1993||||xx |||||||||||||| ||spa||
020
_a
84-01-32496-3
040
_b
spa
082
_a
I823 K84i
100
_a
Korda Michael
245
0
_a
Los inmortales
260
_c
1993
264
_a
Plaza & Janes
942
_2
ddc
_c
BKS
999
_c
19766
_d
19766